|
|
|
|
| LEADER |
00702cam a2200229 7i4500 |
| 001 |
0000011480 |
| 005 |
20151104090000.0 |
| 005 |
##20151104112800.0 |
| 003 |
##MY-KlINT |
| 020 |
# |
# |
|a 9781423901846
|
| 039 |
# |
9 |
|y 201511041128
|z VLOAD
|
| 090 |
0 |
0 |
|a 005.115
|b FAR
|
| 100 |
1 |
# |
|a Farrell, Joyce
|
| 245 |
1 |
3 |
|a An object-oriented approach to programming logic and design /
|c Joyce Farrell.
|
| 250 |
# |
# |
|a 2nd ed..
|
| 260 |
# |
# |
|a Boston, Ma:
|b Course Technology,
|c 2008.
|
| 300 |
# |
# |
|a xvii, 486p:
|b ill;
|c 23cm+.
|
| 500 |
# |
# |
|a Includes index
|
| 650 |
# |
0 |
|a Object-oriented programming (Computer science)
|
| 650 |
# |
0 |
|a Logic design
|
| 650 |
# |
0 |
|a Logic programming
|
| 999 |
|
|
|a 0000063055
|b BOOK
|c Main Non-Fiction
|e INTAN BK
|